Countries With 'C' Quiz Stats

 Plays Quiz Updated Aug 25, 2017

Also try: Countries With 'B'
Challenge
Share
Tweet
Embed
Score 0/40 Timer 06:00
19 Plays Today
Country % Correct
Canada
94.9%
China
92.1%
Chile
87.9%
Colombia
80.8%
Cambodia
79.1%
Chad
77.5%
Czechia
77.4%
Cuba
77.4%
France
76.9%
Republic of the Congo
75.4%
Croatia
73.6%
Cameroon
72.3%
Costa Rica
70.4%
Iceland
69.9%
Democratic Republic of Congo
69.1%
Mexico
68.2%
Morocco
67.8%
Central African Republic
67.1%
Greece
66.3%
Cyprus
66.1%
Country % Correct
Ecuador
64.6%
Dominica
63.9%
Dominican Republic
63.1%
Cote d'Ivoire
61%
South Africa
60.7%
Vatican City
59.9%
Macedonia
59.6%
United States of America
59.1%
Nicaragua
58.9%
Comoros
58.6%
Monaco
57%
Jamaica
56.9%
Liechtenstein
55.8%
Madagascar
55.6%
Cabo Verde
52.9%
Seychelles
48.7%
Saint Lucia
46.7%
Saint Vincent and the Grenadines
44.4%
Micronesia
40.7%
Sao Tome and Principe
32.1%

You're not logged in!

Compare scores with friends on all Sporcle quizzes.
OR
Log In

You Might Also Like...

Show Comments

Extras

Top Quizzes Today


Score Distribution

Your Account Isn't Verified!

In order to create a playlist on Sporcle, you need to verify the email address you used during registration. Go to your Sporcle Settings to finish the process.

Report this User

Report this user for behavior that violates our Community Guidelines.

Details: